[Event "Titled Tuesday intern op 06th Aug Early"]
[Site "Chess.com INT"]
[Date "2024.08.06"]
[Round "9"]
[White "Denis, Laurent"]
[Black "Martin, Sam B"]
[Result "0-1"]
[WhiteElo "2238"]
[BlackElo "1970"]
[PlyCount "96"]
[EventDate "2024.08.06"]
[EventType "swiss (blitz)"]
[EventRounds "11"]
[EventCountry "USA"]
[SourceTitle "EXT 2025"]
[Source "ChessBase"]
[SourceDate "2024.10.14"]
[SourceVersion "1"]
[SourceVersionDate "2024.10.14"]
[SourceQuality "1"]

1. d4 d5 2. Nf3 Nf6 3. g3 Bg4 4. Bg2 e6 5. 0-0 Nbd7 6. c4 c6 7. Qb3 Qb6 8. c5 Qxb3 9. axb3 a6 10. b4 Rc8 11. Nbd2 Be7 12. Nb3 Kd8 13. Na5 Rb8 14. Bf4 Kc8 15. Bxb8 Kxb8 16. h3 Bh5 17. Ra3 Ne4 18. Nb3 f6 19. g4 Bf7 20. Nfd2 Nxd2 21. Nxd2 e5 22. e3 Bg6 23. Rfa1 h5 24. R3a2 Kc7 25. Rd1 hxg4 26. hxg4 f5 27. gxf5 Bxf5 28. e4 dxe4 29. Nxe4 exd4 30. Rxd4 Ne5 31. Nd6 Bg4 32. Ra3 Bf6 33. Re4 Bd1 34. f4 Ng4 35. Nf7 Rh4 36. Ne5 Nh6 37. Re1 Bc2 38. Rc3 Bf5 39. Rce3 Rxf4 40. Nf3 Bg4 41. Re4 Rf5 42. Nd4 Rh5 43. Ne6+ Kb8 44. Nf4 Rf5 45. Re8+ Ka7 46. Nd3 Bd4+ 47. Kh2 Bh5 48. Kg3 Bxe8 0-1

[Event "Titled Tuesday intern op 06th Aug Early"]
[Site "Chess.com INT"]
[Date "2024.08.06"]
[Round "8"]
[White "Martic, Ivan"]
[Black "Martin, Sam B"]
[Result "1-0"]
[WhiteElo "2257"]
[BlackElo "1970"]
[PlyCount "61"]
[EventDate "2024.08.06"]
[EventType "swiss (blitz)"]
[EventRounds "11"]
[EventCountry "USA"]
[SourceTitle "EXT 2025"]
[Source "ChessBase"]
[SourceDate "2024.10.14"]
[SourceVersion "1"]
[SourceVersionDate "2024.10.14"]
[SourceQuality "1"]

1. e4 e6 2. d3 d5 3. Qe2 Nf6 4. Nf3 Be7 5. g3 c5 6. Bg2 Nc6 7. 0-0 0-0 8. e5 Nd7 9. c4 dxc4 10. dxc4 b6 11. Nc3 Qc7 12. Bf4 Ba6 13. Nb5 Bxb5 14. cxb5 Na5 15. Nd2 Rad8 16. Rac1 Qb8 17. a3 g5 18. Be3 Qxe5 19. b4 cxb4 20. axb4 Bxb4 21. Nf3 Qg7 22. Bxg5 Rc8 23. Qe3 Nc4 24. Qf4 Nde5 25. Nxe5 Bd2 26. Qe4 Bxc1 27. Bxc1 Qxe5 28. Qh4 f5 29. Bh6 Rf6 30. Rd1 Rg6 31. Bf4 1-0

[Event "Titled Tuesday intern op 06th Aug Early"]
[Site "Chess.com INT"]
[Date "2024.08.06"]
[Round "1"]
[White "Martin, Sam B"]
[Black "Barria Zuniga, Daniel"]
[Result "0-1"]
[WhiteElo "1970"]
[BlackElo "2341"]
[PlyCount "64"]
[EventDate "2024.08.06"]
[EventType "swiss (blitz)"]
[EventRounds "11"]
[EventCountry "USA"]
[SourceTitle "EXT 2025"]
[Source "ChessBase"]
[SourceDate "2024.10.14"]
[SourceVersion "1"]
[SourceVersionDate "2024.10.14"]
[SourceQuality "1"]

1. d4 d5 2. c4 c6 3. Nc3 dxc4 4. a4 e5 5. e3 exd4 6. exd4 Be6 7. Nf3 Bb4 8. Be2 Nf6 9. 0-0 0-0 10. Bg5 Nbd7 11. Rc1 Qa5 12. Bxf6 Nxf6 13. Ne5 Rad8 14. Bxc4 Bxc4 15. Nxc4 Qa6 16. Qb3 Bd6 17. Rcd1 Bc7 18. g3 Rd7 19. Rd2 Rfd8 20. Rfd1 g6 21. Kg2 Kg7 22. h4 h5 23. Ne3 Qb6 24. Qc4 a5 25. d5 Be5 26. d6 Rxd6 27. Rxd6 Rxd6 28. Rxd6 Bxd6 29. Ne4 Nxe4 30. Qxe4 Qxb2 31. Qe8 Bc5 32. Nc4 Qxf2+ 0-1

[Event "Titled Tuesday intern op 30th Jul Late"]
[Site "Chess.com INT"]
[Date "2024.07.30"]
[Round "1"]
[White "Fernandez, Daniel Howard"]
[Black "Martin, Sam B"]
[Result "1-0"]
[WhiteElo "2525"]
[BlackElo "1970"]
[PlyCount "61"]
[EventDate "2024.07.30"]
[EventType "swiss (blitz)"]
[EventRounds "11"]
[EventCountry "USA"]
[SourceTitle "EXT 2025"]
[Source "ChessBase"]
[SourceDate "2024.10.14"]
[SourceVersion "1"]
[SourceVersionDate "2024.10.14"]
[SourceQuality "1"]

1. d4 Nf6 2. c4 g6 3. Nc3 d5 4. cxd5 Nxd5 5. Bd2 Bg7 6. Nf3 0-0 7. h3 Nxc3 8. Bxc3 c5 9. e3 cxd4 10. Bxd4 Nc6 11. Bxg7 Kxg7 12. Qxd8 Rxd8 13. a3 Bf5 14. Rc1 Rac8 15. Be2 e5 16. 0-0 e4 17. Nh2 Ne5 18. f4 Nd3 19. Rxc8 Rxc8 20. g4 Be6 21. Bxd3 exd3 22. Rd1 Rd8 23. Kf2 Bb3 24. Rd2 Rd6 25. Nf3 Bc2 26. Nd4 Rb6 27. b4 a5 28. b5 Kf6 29. h4 Ke7 30. e4 Kd6 31. Nxc2 1-0

[Event "Titled Tuesday intern op 30th Jul Late"]
[Site "Chess.com INT"]
[Date "2024.07.30"]
[Round "3"]
[White "Zepeda Berlanga, Jan Enrique"]
[Black "Martin, Sam B"]
[Result "1-0"]
[WhiteElo "1939"]
[BlackElo "1970"]
[PlyCount "97"]
[EventDate "2024.07.30"]
[EventType "swiss (blitz)"]
[EventRounds "11"]
[EventCountry "USA"]
[SourceTitle "EXT 2025"]
[Source "ChessBase"]
[SourceDate "2024.10.14"]
[SourceVersion "1"]
[SourceVersionDate "2024.10.14"]
[SourceQuality "1"]

1. e4 e6 2. d4 d5 3. e5 c5 4. c3 Nc6 5. Nf3 Qb6 6. a3 Nh6 7. Bd3 cxd4 8. cxd4 Nf5 9. Bxf5 exf5 10. Nc3 Be6 11. 0-0 Be7 12. Ne2 Rc8 13. Bd2 0-0 14. Bc3 h6 15. Rc1 Na5 16. Nd2 Nc4 17. Nxc4 Rxc4 18. Nf4 Rfc8 19. Qf3 Bg5 20. Rc2 Bxf4 21. Qxf4 Qb3 22. Re2 b5 23. Re3 Rxc3 24. Rxc3 Rxc3 25. bxc3 Qxc3 26. Rb1 Qxa3 27. h4 a6 28. Rc1 Qb2 29. Kf1 b4 30. Ke1 Bd7 31. Qd2 Qb3 32. Rc7 Bb5 33. Qd1 Qb2 34. Qc2 Qa1+ 35. Kd2 Qxd4+ 36. Kc1 g6 37. Qd2 Qa1+ 38. Kc2 Ba4+ 39. Kd3 Qxe5 40. Rc8+ Kg7 41. Qxb4 Bb5+ 42. Kd2 d4 43. Rd8 Qe2+ 44. Kc1 Qf1+ 45. Kd2 Qxf2+ 46. Kd1 Be2+ 47. Kc1 Qf1+ 48. Kc2 Qd1+ 49. Kb2 1-0

[Event "Titled Tuesday intern op 16th Jul Late"]
[Site "Chess.com INT"]
[Date "2024.07.16"]
[Round "3"]
[White "Martin, Sam B"]
[Black "Nielsen Refs, Karl Emil Elmer"]
[Result "1-0"]
[WhiteElo "1970"]
[BlackElo "2239"]
[PlyCount "65"]
[EventDate "2024.07.16"]
[EventType "swiss (blitz)"]
[EventRounds "11"]
[EventCountry "USA"]
[SourceTitle "EXT 2025"]
[Source "ChessBase"]
[SourceDate "2024.10.14"]
[SourceVersion "1"]
[SourceVersionDate "2024.10.14"]
[SourceQuality "1"]

1. d4 Nf6 2. c4 g6 3. Nf3 Bg7 4. Nc3 0-0 5. e4 d6 6. Be2 Nc6 7. d5 Ne5 8. Nxe5 dxe5 9. 0-0 e6 10. Be3 exd5 11. cxd5 Bd7 12. Rc1 c6 13. Qb3 cxd5 14. exd5 b6 15. Rfd1 Bg4 16. d6 Bxe2 17. Nxe2 Rc8 18. Rxc8 Qxc8 19. h3 Rd8 20. Nc3 Qc6 21. Nb5 a6 22. Na7 Qd7 23. Qxb6 Bf8 24. Nc6 Rc8 25. Nxe5 Qe6 26. Nf3 Rd8 27. Bc5 Rd7 28. Ba3 Qf5 29. Qxa6 Ne4 30. Qe2 Nxd6 31. Ne5 Rd8 32. Nc4 Ne4 33. Rxd8 1-0

[Event "Titled Tuesday intern op 16th Jul Late"]
[Site "Chess.com INT"]
[Date "2024.07.16"]
[Round "4"]
[White "Martin, Sam B"]
[Black "Volovich, Vasily"]
[Result "0-1"]
[WhiteElo "1970"]
[BlackElo "2177"]
[PlyCount "74"]
[EventDate "2024.07.16"]
[EventType "swiss (blitz)"]
[EventRounds "11"]
[EventCountry "USA"]
[SourceTitle "EXT 2025"]
[Source "ChessBase"]
[SourceDate "2024.10.14"]
[SourceVersion "1"]
[SourceVersionDate "2024.10.14"]
[SourceQuality "1"]

1. d4 Nf6 2. c4 e6 3. Nc3 Bb4 4. a3 Bxc3+ 5. bxc3 0-0 6. f3 d5 7. cxd5 exd5 8. e3 c5 9. Bd3 Nc6 10. Ne2 Re8 11. 0-0 Re7 12. Re1 b6 13. Ng3 Ne8 14. Bb2 Nd6 15. e4 dxe4 16. fxe4 cxd4 17. cxd4 Bb7 18. e5 Ne8 19. d5 Nxe5 20. Bxe5 Qxd5 21. Be4 Qxe5 22. Bxh7+ Kxh7 23. Rxe5 Rxe5 24. Qd7 Bd5 25. Rd1 Nf6 26. Qc7 Re3 27. Qf4 Rae8 28. Rxd5 Nxd5 29. Qf5+ Kg8 30. Qxd5 Rxa3 31. Ne4 Ra5 32. Qd4 Rf5 33. g3 a5 34. Kg2 b5 35. Nd6 Re2+ 36. Kh3 Rff2 37. Qd5 b4 0-1

[Event "Titled Tuesday intern op 09th Jul Late"]
[Site "Chess.com INT"]
[Date "2024.07.09"]
[Round "4"]
[White "Martin, Sam B"]
[Black "Vargas Pereda, Jesus Manuel"]
[Result "1-0"]
[WhiteElo "1970"]
[BlackElo "1930"]
[PlyCount "51"]
[EventDate "2024.07.09"]
[EventType "swiss (blitz)"]
[EventRounds "11"]
[EventCountry "USA"]
[SourceTitle "EXT 2025"]
[Source "ChessBase"]
[SourceDate "2024.10.14"]
[SourceVersion "1"]
[SourceVersionDate "2024.10.14"]
[SourceQuality "1"]

1. d4 Nf6 2. c4 c5 3. d5 e6 4. Nc3 exd5 5. cxd5 d6 6. Nf3 a6 7. a4 g6 8. Nd2 Bg7 9. e4 0-0 10. Be2 Kh8 11. 0-0 Ng8 12. Nc4 f5 13. Bf4 g5 14. Bxd6 f4 15. Bxf8 Qxf8 16. e5 Nd7 17. e6 Ndf6 18. Re1 Bh6 19. Ne5 b6 20. Bc4 Bb7 21. d6 g4 22. e7 Qb8 23. d7 g3 24. d8Q gxf2+ 25. Kxf2 Qc8 26. Qxc8 1-0

[Event "Titled Tuesday intern op 02nd Jul Late"]
[Site "Chess.com INT"]
[Date "2024.07.02"]
[Round "5"]
[White "Manteiga, Franco"]
[Black "Martin, Sam B"]
[Result "0-1"]
[WhiteElo "2028"]
[BlackElo "1970"]
[PlyCount "100"]
[EventDate "2024.07.02"]
[EventType "swiss (blitz)"]
[EventRounds "11"]
[EventCountry "USA"]
[SourceTitle "EXT 2025"]
[Source "ChessBase"]
[SourceDate "2024.10.14"]
[SourceVersion "1"]
[SourceVersionDate "2024.10.14"]
[SourceQuality "1"]

1. d4 Nf6 2. c4 g6 3. Nc3 d5 4. cxd5 Nxd5 5. Bd2 Bg7 6. e4 Nxc3 7. Bxc3 c5 8. d5 Bxc3+ 9. bxc3 Qa5 10. Qd2 0-0 11. h4 e6 12. Bc4 b5 13. Bb3 c4 14. Bc2 exd5 15. exd5 Nd7 16. h5 Nb6 17. hxg6 hxg6 18. Ne2 Re8 19. Kf1 Rxe2 20. Qh6 Qxc3 21. Bxg6 Qxa1+ 22. Kxe2 Qg7 23. Bh7+ Kf8 24. Qd6+ Ke8 25. Rh3 Bd7 26. Re3+ Kd8 27. Bc2 Qg4+ 28. Ke1 Qd4 29. Qf8+ Kc7 30. d6+ Kb7 31. Be4+ Ka6 32. Qh6 Qa1+ 33. Ke2 Qb2+ 34. Kf3 Re8 35. Qf4 Re6 36. Bf5 Rf6 37. g4 Nd5 38. Kg3 Nxf4 39. Kxf4 Qd4+ 40. Re4 Qxd6+ 41. Re5 Bxf5 42. gxf5 c3 43. a4 bxa4 44. Kg5 Qxe5 45. f4 Qxf5+ 46. Kh4 Qxf4+ 47. Kh5 Qf5+ 48. Kh4 Qg6 49. Kh3 Rf5 50. Kh2 Rh5# 0-1

[Event "Titled Tuesday intern op 02nd Jul Late"]
[Site "Chess.com INT"]
[Date "2024.07.02"]
[Round "6"]
[White "Martin, Sam B"]
[Black "Injac, Teodora"]
[Result "0-1"]
[WhiteElo "1970"]
[BlackElo "2411"]
[PlyCount "46"]
[EventDate "2024.07.02"]
[EventType "swiss (blitz)"]
[EventRounds "11"]
[EventCountry "USA"]
[SourceTitle "EXT 2025"]
[Source "ChessBase"]
[SourceDate "2024.10.14"]
[SourceVersion "1"]
[SourceVersionDate "2024.10.14"]
[SourceQuality "1"]

1. d4 d5 2. c4 c6 3. Nc3 Nf6 4. e3 e6 5. Nf3 Nbd7 6. Qc2 a6 7. b3 b5 8. Bd3 bxc4 9. bxc4 a5 10. 0-0 Ba6 11. cxd5 Bxd3 12. Qxd3 cxd5 13. Nb5 Be7 14. Bd2 0-0 15. Rfc1 Ne4 16. Rc7 Nxd2 17. Nxd2 Rb8 18. Rac1 Bb4 19. Nf3 h6 20. g3 Qe8 21. R7c6 Nb6 22. Ne5 Nc4 23. Nxc4 Qxc6 0-1

[Event "Titled Tuesday intern op 25th Jun Late"]
[Site "Chess.com INT"]
[Date "2024.06.25"]
[Round "5"]
[White "Lin, Bryan Enming"]
[Black "Martin, Sam B"]
[Result "1-0"]
[WhiteElo "2143"]
[BlackElo "1970"]
[PlyCount "63"]
[EventDate "2024.06.25"]
[EventType "swiss (blitz)"]
[EventRounds "11"]
[EventCountry "USA"]
[SourceTitle "EXT 2025"]
[Source "ChessBase"]
[SourceDate "2024.10.14"]
[SourceVersion "1"]
[SourceVersionDate "2024.10.14"]
[SourceQuality "1"]

1. e4 c5 2. Nf3 Nc6 3. d4 cxd4 4. Nxd4 Nf6 5. Nc3 e5 6. Ndb5 d6 7. Bg5 a6 8. Na3 b5 9. Nd5 Be7 10. Bxf6 Bxf6 11. c3 Bg5 12. Nc2 0-0 13. a4 bxa4 14. Ncb4 Nxb4 15. cxb4 Be6 16. Rxa4 f5 17. exf5 Rxf5 18. Be2 e4 19. Nc3 Re5 20. 0-0 d5 21. f4 exf3 22. Bxf3 Rb8 23. Kh1 Be3 24. Rxa6 Bf7 25. b5 d4 26. Ne4 Rexb5 27. Nd6 Bb3 28. Qd3 R5b6 29. Qxb3+ Rxb3 30. Bd5+ Kh8 31. Nf7+ Kg8 32. Nxd8+ 1-0

[Event "Titled Tuesday intern op 25th Jun Late"]
[Site "Chess.com INT"]
[Date "2024.06.25"]
[Round "10"]
[White "Martin, Sam B"]
[Black "Jorajuria Mendoza, Algol"]
[Result "0-1"]
[WhiteElo "1970"]
[BlackElo "2082"]
[PlyCount "50"]
[EventDate "2024.06.25"]
[EventType "swiss (blitz)"]
[EventRounds "11"]
[EventCountry "USA"]
[SourceTitle "EXT 2025"]
[Source "ChessBase"]
[SourceDate "2024.10.14"]
[SourceVersion "1"]
[SourceVersionDate "2024.10.14"]
[SourceQuality "1"]

1. d4 d5 2. c4 c6 3. Nc3 Nf6 4. e3 a6 5. Qc2 Nbd7 6. Nf3 e6 7. b3 Bd6 8. Bd3 0-0 9. 0-0 e5 10. cxd5 cxd5 11. dxe5 Nxe5 12. Be2 Qc7 13. h3 Be6 14. Bb2 Rac8 15. Rac1 Qd7 16. Qd1 Bxh3 17. Nxe5 Bxe5 18. f4 Bxc3 19. Bxc3 Ne4 20. Bxg7 Kxg7 21. gxh3 Qxh3 22. Rxc8 Qxe3+ 23. Kh1 Rxc8 24. Qe1 Ng3+ 25. Kg2 Nxf1 0-1

[Event "Titled Tuesday intern op 25th Jun Late"]
[Site "Chess.com INT"]
[Date "2024.06.25"]
[Round "9"]
[White "Martin, Sam B"]
[Black "Tang, Zoey"]
[Result "1-0"]
[WhiteElo "1970"]
[BlackElo "2239"]
[PlyCount "35"]
[EventDate "2024.06.25"]
[EventType "swiss (blitz)"]
[EventRounds "11"]
[EventCountry "USA"]
[SourceTitle "EXT 2025"]
[Source "ChessBase"]
[SourceDate "2024.10.14"]
[SourceVersion "1"]
[SourceVersionDate "2024.10.14"]
[SourceQuality "1"]

1. d4 Nf6 2. c4 g6 3. Nf3 Bg7 4. Nc3 d5 5. Bf4 0-0 6. e3 c5 7. Be2 dxc4 8. Bxc4 cxd4 9. Nxd4 Nh5 10. Bg5 h6 11. Bh4 a6 12. 0-0 Qc7 13. Bb3 Rd8 14. Nd5 Qa5 15. Nxe7+ Kf8 16. Qf3 f5 17. Nxg6+ Ke8 18. Qxh5 1-0

[Event "Titled Tuesday intern op 18th Jun Late"]
[Site "Chess.com INT"]
[Date "2024.06.18"]
[Round "9"]
[White "Martin, Sam B"]
[Black "Hryshchenko, Kamila"]
[Result "1-0"]
[WhiteElo "1970"]
[BlackElo "2161"]
[PlyCount "63"]
[EventDate "2024.06.18"]
[EventType "swiss (blitz)"]
[EventRounds "11"]
[EventCountry "USA"]
[SourceTitle "EXT 2025"]
[Source "ChessBase"]
[SourceDate "2024.10.14"]
[SourceVersion "1"]
[SourceVersionDate "2024.10.14"]
[SourceQuality "1"]

1. d4 g6 2. e4 Bg7 3. Nc3 d6 4. Bc4 c6 5. Nf3 Nd7 6. 0-0 Ngf6 7. e5 Nd5 8. exd6 Nxc3 9. bxc3 exd6 10. Re1+ Kf8 11. Bf4 Nb6 12. Bb3 Bg4 13. h3 Bxf3 14. Qxf3 d5 15. a4 a5 16. Rab1 h6 17. Qg3 Nc8 18. c4 dxc4 19. Bxc4 Qxd4 20. Bd3 Kg8 21. Rxb7 Ra7 22. Rb8 Kh7 23. h4 Re7 24. Reb1 Na7 25. h5 Qf6 26. hxg6+ fxg6 27. Rxh8+ Bxh8 28. Rb8 Bg7 29. Rd8 Bf8 30. Rxf8 Qxf8 31. Qxg6+ Kh8 32. Bxh6 1-0

[Event "Titled Tuesday intern op 18th Jun Early"]
[Site "Chess.com INT"]
[Date "2024.06.18"]
[Round "3"]
[White "Martin, Sam B"]
[Black "Khamdamova, Afruza"]
[Result "0-1"]
[WhiteElo "1970"]
[BlackElo "2291"]
[PlyCount "74"]
[EventDate "2024.06.18"]
[EventType "swiss (blitz)"]
[EventRounds "11"]
[EventCountry "USA"]
[SourceTitle "EXT 2025"]
[Source "ChessBase"]
[SourceDate "2024.10.14"]
[SourceVersion "1"]
[SourceVersionDate "2024.10.14"]
[SourceQuality "1"]

1. d4 Nf6 2. c4 e6 3. Nc3 d5 4. cxd5 exd5 5. Bg5 Be7 6. e3 h6 7. Bf4 0-0 8. Bd3 c6 9. h3 Re8 10. Nf3 Nbd7 11. 0-0 Nf8 12. Rb1 a5 13. a3 Bd6 14. Ne5 Qe7 15. Qf3 Ne6 16. Bh2 Ng5 17. Qe2 Nge4 18. Nxe4 dxe4 19. Bc4 Be6 20. Rfc1 Rad8 21. Qc2 Bxc4 22. Qxc4 Nd5 23. Qa4 Bc7 24. b4 axb4 25. axb4 Ra8 26. Qb3 Bxe5 27. Bxe5 Qe6 28. b5 Rec8 29. bxc6 bxc6 30. Rc5 Kh7 31. Qc2 Qg6 32. Rc1 Ra6 33. Qe2 Rca8 34. Qg4 Qxg4 35. hxg4 f6 36. Bg3 Nb4 37. R5c4 Rb6 0-1

[Event "Titled Tuesday intern op 18th Jun Late"]
[Site "Chess.com INT"]
[Date "2024.06.18"]
[Round "5"]
[White "Martin, Sam B"]
[Black "Kollars, Dmitrij"]
[Result "0-1"]
[WhiteElo "1970"]
[BlackElo "2648"]
[PlyCount "82"]
[EventDate "2024.06.18"]
[EventType "swiss (blitz)"]
[EventRounds "11"]
[EventCountry "USA"]
[SourceTitle "EXT 2025"]
[Source "ChessBase"]
[SourceDate "2024.10.14"]
[SourceVersion "1"]
[SourceVersionDate "2024.10.14"]
[SourceQuality "1"]

1. d4 Nf6 2. c4 e6 3. Nc3 Bb4 4. a3 Bxc3+ 5. bxc3 Nc6 6. f3 b6 7. e4 Ba6 8. Bd3 Na5 9. Qe2 c5 10. Be3 d6 11. Nh3 Nd7 12. 0-0 Rc8 13. Rac1 0-0 14. f4 Qe7 15. e5 f5 16. a4 Rfd8 17. Ng5 Nf8 18. Nf3 Ng6 19. exd6 Qxd6 20. Ne5 Nxe5 21. fxe5 Qe7 22. g4 cxd4 23. cxd4 Nb3 24. gxf5 Nxd4 25. Bxd4 Rxd4 26. f6 Qc5 27. Rf2 Bb7 28. f7+ Kf8 29. Rcf1 Rcd8 30. Bxh7 Qc6 31. Rf3 Rd2 32. Qe3 Qxc4 33. Qg5 Bxf3 34. Rxf3 Rd1+ 35. Kg2 R8d2+ 36. Kh3 Qd5 37. Qe7+ Kxe7 38. f8Q+ Kd7 39. Rf7+ Kc6 40. Qa8+ Kc5 41. Rc7+ Kb4 0-1

[Event "Titled Tuesday intern op 18th Jun Early"]
[Site "Chess.com INT"]
[Date "2024.06.18"]
[Round "8"]
[White "Martin, Sam B"]
[Black "Tiitta, Sauli"]
[Result "1/2-1/2"]
[WhiteElo "1970"]
[BlackElo "2148"]
[PlyCount "132"]
[EventDate "2024.06.18"]
[EventType "swiss (blitz)"]
[EventRounds "11"]
[EventCountry "USA"]
[SourceTitle "EXT 2025"]
[Source "ChessBase"]
[SourceDate "2024.10.14"]
[SourceVersion "1"]
[SourceVersionDate "2024.10.14"]
[SourceQuality "1"]

1. d4 c5 2. d5 h6 3. c4 g5 4. e4 d6 5. Bd3 Bg7 6. Nc3 Bxc3+ 7. bxc3 Qa5 8. Bd2 Nf6 9. h4 g4 10. h5 Nbd7 11. Qc2 Ne5 12. Be2 Bd7 13. f4 gxf3 14. Nxf3 Qa4 15. Qxa4 Bxa4 16. Nxe5 dxe5 17. Bd3 0-0-0 18. 0-0 Rdg8 19. Rf5 Bd7 20. Rxe5 Kd8 21. Be2 Ng4 22. Bxg4 Rxg4 23. Rf1 f6 24. Ref5 Bxf5 25. exf5 Rxc4 26. Rb1 b6 27. Re1 Rh4 28. d6 exd6 29. Re6 Kd7 30. Rxf6 Rxh5 31. Rf7+ Kc6 32. Kf2 Re8 33. Kf3 Rh1 34. Be3 h5 35. Bf2 Rf1 36. Rh7 Re5 37. Rxh5 d5 38. g4 d4 39. cxd4 cxd4 40. Kg2 Rc1 41. Bxd4 Rc2+ 42. Kg3 Rd5 43. Bf6 Rxa2 44. Rh8 Rd3+ 45. Kf4 b5 46. Rc8+ Kb7 47. Re8 Ra4+ 48. Kg5 b4 49. Kh5 Rh3+ 50. Kg6 b3 51. g5 Ra2 52. Kf7 b2 53. Bxb2 Rxb2 54. g6 Rf2 55. f6 Rhf3 56. Re6 a5 57. g7 Rg3 58. g8Q Rxg8 59. Kxg8 a4 60. f7 a3 61. Re7+ Kb6 62. Re1 Kb5 63. Ra1 Kb4 64. f8Q+ Rxf8+ 65. Kxf8 Kb3 66. Rxa3+ Kxa3 1/2-1/2

[Event "Titled Tuesday intern op 11th Jun Late"]
[Site "Chess.com INT"]
[Date "2024.06.11"]
[Round "9"]
[White "Jegorovas, Aleksandras"]
[Black "Martin, Sam B"]
[Result "0-1"]
[WhiteElo "2270"]
[BlackElo "1970"]
[PlyCount "50"]
[EventDate "2024.06.11"]
[EventType "swiss (blitz)"]
[EventRounds "11"]
[EventCountry "USA"]
[SourceTitle "EXT 2025"]
[Source "ChessBase"]
[SourceDate "2024.10.14"]
[SourceVersion "1"]
[SourceVersionDate "2024.10.14"]
[SourceQuality "1"]

1. d4 d5 2. c4 c6 3. Nf3 Nf6 4. e3 Bf5 5. Nc3 e6 6. Nh4 Bg6 7. Bd2 Nbd7 8. Nxg6 hxg6 9. Qc2 Qc7 10. h3 Bd6 11. 0-0-0 0-0-0 12. Kb1 Kb8 13. Rc1 Rc8 14. Be2 Bb4 15. Nxd5 Nxd5 16. cxd5 Bxd2 17. Qxd2 exd5 18. b4 Nf6 19. Bd3 g5 20. Ka1 a6 21. b5 axb5 22. Bxb5 g4 23. h4 g3 24. f3 Rhe8 25. Rb1 cxb5 0-1